El azul de Van Gogh /

Guardat en:
Dades bibliogràfiques
Autor principal: Martín del Campo, David (autor)
Format: Llibre
Idioma:espanyol
Publicat: México : CONACULTA, 2011, c2011
Col·lecció:(Periodismo Cultural)
Matèries:
Etiquetes: Afegir etiqueta
Sense etiquetes, Sigues el primer a etiquetar aquest registre!

MARC

LEADER 00000nam^a2200000^a^4500
001 000318011
005 20250521000000.0
008 100309 20112011
009 20260310113359.363
020 |a 978-607-455-648-3 
037 |a Acervo ITESO - Biblioteca 
041 |a ESP 
082 |a 864.  |b MAR 
100 |a Martín del Campo, David  |e (autor) 
245 1 3 |a El azul de Van Gogh /  |c D. Martín del Campo. 
264 4 |a México :  |b CONACULTA,  |c 2011, c2011 
300 |a 337 p. 
336 |a texto  |b txt  |2 rdacontenido 
337 |a sin mediación  |b n  |2 rdamedio 
338 |a volumen  |b nc  |2 rdasoporte 
440 1 |a (Periodismo Cultural) 
545 0 |a David Martín del Campo (Ciudad de México, 1952-), estudió periodismo y cine en la UNAM, antes de dedicarse a la literatura, campo en el cual ha cosechado reconocimiento con una narrativa que recrea muy hábilmente el habla cotidiana y que está atravesada, a menudo, por una fina ironía. Obtuvo en 1987 el Premio Nacional de Novela José Rubén Romero, en 1989 el Premio Internacional Diana de Novela y en 1996 el Premio de Novela Monterrey-IMPAC, por citar los más destacados. Las rojas son las carreteras (1976), Isla de Lobos (1987), Dama de noche (1990), Las viudas de blanco (1993), Los hombres tristes (1995), El año del fuego (1996), Cielito lindo (2000), y Después de muertos (2003, son algunos de sus títulos. 
649 |a XX 
650 |a Artículos Periodísticos Mexicanos 
650 |a Ensayos Mexicanos 
650 |a Periodismo Cultural 
650 |a Literatura Mexicana -  |y Siglo XX 
650 |a Literatura Mexicana -  |y Siglo XXI 
650 |a Literatura y Periodismo -  |z México 
910 |a Fondo General 
920 |a Impresos - Libros 
930 |a Colección General 
940 |a Literatura 
905 |a 101 
901 |a 0500205053  |b IT1  |c LIT  |i C130429  |u 20250521 
902 |a https://opac.biblio.iteso.mx/vufind/Record/000318011